000
00224nam a22001097a 4500
999
_c
5807
_d
5807
082
_a
HC101
100
_a
Shahid Jamal
245
_a
Business Statistics
260
_a
Karachi
_b
Royal Book
_c
2001
300
_a
364
942
_c
BK